Analyzing e-commerce & internet law / (Record no. 3876)
[ view plain ]
| 000 -LEADER | |
|---|---|
| fixed length control field | 01089nam a2200325 4500 |
| 001 - CONTROL NUMBER | |
| control field | 12257962 |
| 005 - DATE AND TIME OF LATEST TRANSACTION | |
| control field | 20150407110112.0 |
| 008 - FIXED-LENGTH DATA ELEMENTS--GENERAL INFORMATION | |
| fixed length control field | 000 |
| 010 ## - LIBRARY OF CONGRESS CONTROL NUMBER | |
| LC control number | 00069901 |
| 020 ## - INTERNATIONAL STANDARD BOOK NUMBER | |
| International Standard Book Number | 0130858986 |
| 040 ## - CATALOGING SOURCE | |
| Original cataloging agency | UOEL |
| Transcribing agency | DLC |
| Modifying agency | DLC |
| 043 ## - GEOGRAPHIC AREA CODE | |
| Geographic area code | n-us--- |
| 050 00 - LIBRARY OF CONGRESS CALL NUMBER | |
| Classification number | KF390.5.C6 |
| Item number | A95 2001 |
| 082 00 - DEWEY DECIMAL CLASSIFICATION NUMBER | |
| Classification number | 343.7309/944 |
| Edition number | 21 |
| 100 ## - MAIN ENTRY--PERSONAL NAME | |
| Personal name | Brinson Dianne J. |
| 245 00 - TITLE STATEMENT | |
| Title | Analyzing e-commerce & internet law / |
| Statement of responsibility, etc | J. Dianne Brinson ... [et al.]. |
| 246 3# - VARYING FORM OF TITLE | |
| Title proper/short title | Analyzing e-commerce and internet law |
| 260 ## - PUBLICATION, DISTRIBUTION, ETC. (IMPRINT) | |
| Place of publication, distribution, etc | Upper Saddle River, NJ : |
| Name of publisher, distributor, etc | Prentice Hall, |
| Date of publication, distribution, etc | c2001. |
| 300 ## - PHYSICAL DESCRIPTION | |
| Extent | xxvii, 545 p. ; |
| Dimensions | 24 cm. |
| 440 #4 - SERIES STATEMENT/ADDED ENTRY--TITLE | |
| Title | The advanced website architecture series |
| 500 ## - GENERAL NOTE | |
| General note | Includes index. |
| 650 #0 - SUBJECT ADDED ENTRY--TOPICAL TERM | |
| Topical term or geographic name as entry element | Computer networks |
| General subdivision | Law and legislation |
| Geographic subdivision | United States. |
| Topical term or geographic name as entry element | Internet |
| General subdivision | Law and legislation |
| Geographic subdivision | United States. |
| Topical term or geographic name as entry element | Internet. |
| Topical term or geographic name as entry element | Electronic commerce. |
| 700 1# - ADDED ENTRY--PERSONAL NAME | |
| Personal name | Brinson, J. Dianne. |
| 906 ## - LOCAL DATA ELEMENT F, LDF (RLIN) | |
| a | 7 |
| b | cbc |
| c | orignew |
| d | 1 |
| e | ocip |
| f | 20 |
| g | y-gencatlg |
| 942 ## - ADDED ENTRY ELEMENTS (KOHA) | |
| Source of classification or shelving scheme | Library of Congress Classification |
| Item type | Loan - Normal on open shelf |
| Withdrawn status | Lost status | Source of classification or shelving scheme | Damaged status | Not for loan | Home library | Current library | Shelving location | Date acquired | Total Checkouts | Full call number | Barcode | Date last seen | Date last borrowed | Copy number | Price effective from | Koha item type |
|---|---|---|---|---|---|---|---|---|---|---|---|---|---|---|---|---|
| Library of Congress Classification | UOE Main Library | UOE Main Library | Open shelf | 07/04/2015 | 2 | KF390.5.C6 A95 2001 | 20140928 | 27/04/2026 | 22/03/2019 | 20140928 | 07/04/2015 | Loan - Normal on open shelf |
